| 000 | 00602nam a2200193Ia 4500 | ||
|---|---|---|---|
| 008 | 191130s1957##################000#0#eng## | ||
| 022 | _a58000694 | ||
| 040 |
_aACL _cACL |
||
| 082 | _a823.914 SUT | ||
| 100 | _aSutcliff, Rosemary | ||
| 245 |
_aThe silver branch _cRosemary Sutcliff ; Illustrated by Charles Keeping |
||
| 250 | _a1st ed | ||
| 260 |
_aOxford _bOxford University Press _c1957 |
||
| 300 | _a215 p. : illus. ; 23 cm | ||
| 650 | _aGreat Britain - History - Roman period, 55 B.C.-449 A.D. Fiction | ||
| 990 | _a30704028ac10000c2e59a3f0df5b6a93 | ||
| 991 | _a402748 | ||
| 999 |
_c296542 _d296542 |
||